| 000 | 00389nam a22001337a 4500 | ||
|---|---|---|---|
| 020 | _qPB. | ||
| 040 | _cFIZZA ISHAQ | ||
| 082 |
_a515.076 _bELL |
||
| 100 |
_aMANDELSON,ELLIOTT. _9134170 |
||
| 245 |
_aSCHAUM'S SOLVED PROBLEMS SERIES 3000 SOLVED PROBLEMS IN CALCULUS / _cELLIOTT MENDELSON. |
||
| 260 |
_aNEW YORK ; _bMcGRAW-HILL, _c1988. |
||
| 300 |
_a455 P. ; _c11.1X8.5IN |
||
| 942 |
_2ddc _cBK |
||
| 999 |
_c617119 _d617119 |
||